000 01328cam a2200145 4500500
005 20251214005226.0
041 _afre
042 _adc
100 1 0 _aBobineau, Olivier
_eauthor
700 1 0 _aTank-Storper, Sébastien
_eauthor
245 0 0 _aSociologie des religions : Domaines et approches
260 _bArmand Colin,
_c2012.
520 _aComment comprendre le « retour » du religieux ? Religions et modernité ne seraient donc pas incompatibles ? Qu’est-ce qui a changé depuis les temps de la sécularisation et de la laïcité triomphante ? Faut-il chercher la réponse du côté d’une étonnante faculté d’adaptation des religions ou des angoisses sociales et des désarrois individuels ? Cette 2e édition refondue propose des grilles de lecture et d’interprétation aptes à cibler les interactions du social et du religieux. C’est à ce besoin que la sociologie des religions s’est efforcée de répondre, dans la diversité de ses approches et de ses terrains. Comment s’est-elle développée depuis Durkheim et Weber ? Quels sont ses grands représentants actuels, ses débats, ses acquis ? Que dit-elle du phénomène religieux dans nos sociétés contemporaines ?
856 4 1 _uhttps://shs.cairn.info/sociologie-des-religions--9782200277529?lang=fr&redirect-ssocas=7080
999 _c1568727
_d1568727